Sindicatos e aė̳s coletivas

Bibliographic Details
Main Author: Lima Dos Santos, Ronaldo
Format: eBook
Language:Portuguese
Published: San Pablo: LTR, 2019
Subjects:
Online Access:Acceso restringido

MARC

LEADER 00000nam a22000007a 4500
005 20220323200938.0
007 cr|||| ||||
008 220323s2019 br |||||s|||| 00||0 por d
020 |a 978-85-361-9978-8 
035 |a 35971 
040 |a vLex 
090 |c 13083  |d 13083 
100 1 |a Lima Dos Santos, Ronaldo 
245 1 0 |a Sindicatos e aė̳s coletivas  |h [Recurso electrn̤ico] /  |c Ronaldo Lima Dos Santos 
256 |a Servicio en ln̕ea 
260 |a San Pablo:  |b LTR,  |c 2019 
300 |a 1 recurso electrn̤ico 
506 1 |a Disponible solo en los productos indicados  |d vLex Global  |d vLex Global (Academic Edition, excluding Law Schools)  |d vLex Global (U.S. Academic Edition, Law Schools)  |d vLex Global (U.S. Academic Edition, excluding Law Schools)  |d vLex Global (Academic Edition, Law Schools) 
650 0 4 |a Derecho Laboral y Seguridad Social  |z Brasil 
740 0 |a vLex Libros (Servicio en ln̕ea) 
856 4 0 |u https://app.vlex.com/#/sources/35971  |z Acceso restringido 
942 |c BOOK 
999 0 |a Labor law and social security